| 000 | 00988nam a22002537a 4500 | ||
|---|---|---|---|
| 001 | BD-DhSAU 9219 | ||
| 003 | BD-DhSAU | ||
| 005 | 20190409120257.0 | ||
| 008 | 150619b2013 bg a||||r|||| 000 0 eng d | ||
| 040 | _aBD-DhSAU | ||
| 082 |
_222 _a630 _bIs43 |
||
| 100 |
_aIslam, Samidul _eRegistration no. # 06-01882 |
||
| 245 |
_aGrowth and yield of wheat as influenced by irrigation levels and gibberellic acid / _bMS Thesis _cby Samidul Islam |
||
| 260 |
_aSher-e- Bangla Agricultural University : _bDepartment of Agronomy, _c2013. |
||
| 300 |
_avi, 63 p. : _bill. ; _c30 cm. |
||
| 500 | _aMS thesis of Department of Agronomy, Faculty of Agriculture, Sher-e-Bangla Agricultural University, Dhaka, Bangladesh | ||
| 590 | _ajoy | ||
| 650 | _aAgronomy | ||
| 650 | _aGibberellic acid | ||
| 700 |
_aIslam, Md. Shahidul _eSupervisor |
||
| 700 |
_aSardar, Md. Sadrul Anam _eCo-Supervisor |
||
| 856 | _uhttp://10.10.0.126:8080/xmlui/handle/123456789/2359 | ||
| 942 |
_2ddc _cTHESIS |
||
| 999 |
_c9219 _d9219 |
||